Todos los concursantes de LIDLT - Parte 2 - Estadísticas

Estadísticas generales
  • Esta prueba ha sido intentada 12 veces
  • La puntuación promedio es 41 de 59
Estadísticas de respuestas
Hint Respuesta % Correcto
7 Álvaro Álvarez
100%
8 Álvaro Rubio
100%
9 Darío Linero
100%
6 - 7 David Vaquero
100%
9 Juan Pablo
100%
7 María Brun
100%
10 María del Mar Ruiz
100%
9 Sandra Barrios
100%
7 Alba Casillas
83%
8 Alba García
83%
8 Alba Rodriguez
83%
6 Álex Sánchez
83%
10 Álex Soler
83%
9 Almudena Porras
83%
8 Ana Luiza
83%
7 Ana Solma
83%
8 Andrea Arpal
83%
7 Andrea Bueno
83%
9 Andrea Canel
83%
8 Bayan Al Masri
83%
9 Claudia Chacón
83%
7 Álex Girona
83%
6 Elena Adsuara
83%
8 Gerardo Arias
83%
9 Gilbert Mina
83%
9 Helena Arauz
83%
8 Jose Carlos Montoya
83%
7 Marieta Díaz
83%
9 Rodrigo López
83%
10 Atamán Chinea
67%
7 Borja González
67%
8 Eros Vidal
67%
10 Jose Ruiz
67%
10 Leila León
67%
9 Lorenzo Martínez
67%
6 Manuel Villena
67%
10 Nerea García
67%
9 Nieves Tristán
67%
8 Tadeo Corrales
67%
6 Adrián Blanch
50%
10 Ainhoa López
50%
6 Alejandro Pérez
50%
8 Ana Williams
50%
10 Christian Roselló
50%
8 Fran Pipaon
50%
8 Joel Benedicto
50%
10 Julia Castelló
50%
6 Laura Boado
50%
10 Lucas Mera
50%
10 Luis San José
50%
6 Marina López
50%
6 Naomi Asensi
50%
8 Sthefany Pérez
50%
10 Yuliana Cagna
50%
9 Enrique Cofiño
33%
6 Lydia Pérez
33%
7 Niko Malvenda
33%
7 Ruth González
33%
7 Rober Aranda
17%
No se encontraron pruebas coincidentes
Distribución de puntuación
Porcentaje de gente con cada puntuación
Porcentaje por número respondido
Historial de tus puntuaciones
No has intentado esta prueba.